000 01619cam a2200433 a 4500
001 000014026
005 20200929163436.0
008 991029s1998 pr a b 000 0 spa d
020 _a1563281333
035 _a(OCoLC)ocm42729057
040 _aDO-SdBNP
_cPIF
_dDLC
042 _alccopycat
043 _anwpr---
082 _a324.697295
_bP769
245 0 0 _aPolítica electoral en Puerto Rico /
_cRobert W. Anderson ... [et al.] ; selección y prólogo de Robert W. Anderson.
260 _aRio Piedras, Puerto Rico :
_bPlaza Mayor,
_c1998.
300 _a396 p. :
_bil. ;
_c21 cm.
490 1 _aBiblioteca de autores de Puerto Rico.
_aensayo
504 _aIncluye referencias bibliográficas (p. 393-396)
650 4 _aElecciones
_zPuerto Rico.
_931743
650 4 _aPlebiscito
_zPuerto Rico.
_916165
650 4 _aPartídos políticos
_zPuerto Rico.
_931744
651 4 _aPuerto Rico
_xPolítica Y Gobierno
_y1952-1998.
_916163
700 1 _aAnderson, Roberto W.
_931745
700 1 _aJiménez Polanco, Jacqueline
_92351
700 1 _aMeléndez, Edgardo
_931746
700 1 _aRivera Hernández, Mariely
_931747
700 1 _aGarcía Passalacqua, Juan M.
_931748
700 1 _aAlbarrán, Rafael
_931749
700 1 _aDíaz, Walter
_931750
700 1 _aBenítez Nazario, Jorge
_931751
700 1 _aMartínez Ramírez, Hector
_931752
700 1 _aRivera Ortíz, Ángel I.
_931753
700 1 _aRíos Maury, Héctor
_931754
700 1 _aAnderson, Robert W.
_epról.
_931755
830 0 _aBiblioteca de autores de Puerto Rico ;
_pensayo
_922349
910 _aCatalogación por copia / LC
049 _aBNGR
999 _c13629
_d13629